Commentary on Civil Rules of Orders (volume-i) / (Record no. 2211)
[ view plain ]
| 000 -LEADER | |
|---|---|
| fixed length control field | 00683nam a2200241Ia 4500 |
| 003 - CONTROL NUMBER IDENTIFIER | |
| control field | BUBTL |
| 008 - FIXED-LENGTH DATA ELEMENTS--GENERAL INFORMATION | |
| fixed length control field | 151213s9999 xx 000 0 und d |
| 020 ## - INTERNATIONAL STANDARD BOOK NUMBER | |
| International Standard Book Number | 98484660130 |
| 041 ## - LANGUAGE CODE | |
| Language code of text/sound track or separate title | English |
| 082 ## - DEWEY DECIMAL CLASSIFICATION NUMBER | |
| Classification number | 347/ M5803c/ 2001 |
| 100 ## - MAIN ENTRY--PERSONAL NAME | |
| Personal name | Siddiqur Rahman Miah |
| 9 (RLIN) | 5358 |
| 245 ## - TITLE STATEMENT | |
| Title | Commentary on Civil Rules of Orders (volume-i) / |
| Statement of responsibility, etc. | Siddiqur Rahman Miah |
| 250 ## - EDITION STATEMENT | |
| Edition statement | 1st edn. |
| 260 ## - PUBLICATION, DISTRIBUTION, ETC. (IMPRINT) | |
| Place of publication, distribution, etc. | Dhaka |
| Name of publisher, distributor, etc. | New Waris Book Corporation |
| Date of publication, distribution, etc. | c2001 |
| 300 ## - PHYSICAL DESCRIPTION | |
| Extent | [xvi], 560p . : |
| Other physical details | 23cm. |
| 526 ## - STUDY PROGRAM INFORMATION NOTE | |
| Program name | Law |
| 650 ## - SUBJECT ADDED ENTRY--TOPICAL TERM | |
| Topical term or geographic name as entry element | Law |
| 9 (RLIN) | 4068 |
| 650 ## - SUBJECT ADDED ENTRY--TOPICAL TERM | |
| Topical term or geographic name as entry element | Law |
| 9 (RLIN) | 4068 |
| 700 ## - ADDED ENTRY--PERSONAL NAME | |
| Personal name | Siddiqur Rahman Miah |
| 9 (RLIN) | 5358 |
| 856 ## - ELECTRONIC LOCATION AND ACCESS | |
| Password | 0 |
| Logon | 0 |
| Link text | Download |
| 942 ## - ADDED ENTRY ELEMENTS (KOHA) | |
| Source of classification or shelving scheme | |
| Koha item type | Books |
| Withdrawn status | Lost status | Source of classification or shelving scheme | Damaged status | Not for loan | Collection code | Permanent location | Current location | Shelving location | Date acquired | Inventory number | Total Checkouts | Full call number | Barcode | Date last seen | Date last checked out | Copy number | Price effective from | Koha item type | Checked out | Source of acquisition |
|---|---|---|---|---|---|---|---|---|---|---|---|---|---|---|---|---|---|---|---|---|
| Non-fiction | Bangladesh University of Business and Technology Library | Bangladesh University of Business and Technology Library | Law Stacks | 03/21/2021 | 16286 | 2 | 347/MIC | BUBTL-200316286 | 03/05/2024 | 03/03/2024 | C-1 | 03/21/2021 | Books | |||||||
| Not For Loan | Non-fiction | Bangladesh University of Business and Technology Library | Bangladesh University of Business and Technology Library | Law Stacks | 03/21/2021 | 16288 | 347/MIC | BUBTL-200316288 | 03/21/2021 | C-2 | 03/21/2021 | Books | ||||||||
| Non-fiction | Bangladesh University of Business and Technology Library | Bangladesh University of Business and Technology Library | Law Stacks | 03/21/2021 | 16291 | 347/MIC | BUBTL-200316291 | 03/21/2021 | C-3 | 03/21/2021 | Books | |||||||||
| Not For Loan | Non-fiction | Bangladesh University of Business and Technology Library | Bangladesh University of Business and Technology Library | Law Stacks | 03/21/2021 | 21999 | 347/MIC | BUBTL-200321999 | 03/21/2021 | C-4 | 03/21/2021 | Books | ||||||||
| Not For Loan | Non-fiction | Bangladesh University of Business and Technology Library | Bangladesh University of Business and Technology Library | Law Stacks | 03/21/2021 | 22000 | 347/MIC | BUBTL-200322000 | 03/21/2021 | C-5 | 03/21/2021 | Books | ||||||||
| Non-fiction | Bangladesh University of Business and Technology Library | Bangladesh University of Business and Technology Library | Law Stacks | 03/21/2021 | 22001 | 8 | 347/MIC | BUBTL-200322001 | 08/22/2024 | 08/22/2024 | C-6 | 03/21/2021 | Books | 08/29/2024 | ||||||
| Not For Loan | Non-fiction | Bangladesh University of Business and Technology Library | Bangladesh University of Business and Technology Library | Law Stacks | 03/21/2021 | 3102 | 347/MIC | BUBTL-20033102 | 03/21/2021 | C-7 | 03/21/2021 | Books | ||||||||
| Non-fiction | Bangladesh University of Business and Technology Library | Bangladesh University of Business and Technology Library | Law Stacks | 03/21/2021 | 3103 | 347/MIC | BUBTL-20033103 | 03/21/2021 | C-8 | 03/21/2021 | Books | |||||||||
| Not For Loan | Non-fiction | Bangladesh University of Business and Technology Library | Bangladesh University of Business and Technology Library | Law Stacks | 03/21/2021 | 3163 | 347/MIC | BUBTL-20033163 | 03/21/2021 | C-9 | 03/21/2021 | Books | ||||||||
| Non-fiction | Bangladesh University of Business and Technology Library | Bangladesh University of Business and Technology Library | Law Stacks | 03/21/2021 | 3165 | 347/MIC | BUBTL-20033165 | 03/21/2021 | C-10 | 03/21/2021 | Books | |||||||||
| Non-fiction | Bangladesh University of Business and Technology Library | Bangladesh University of Business and Technology Library | Law Stacks | 03/22/2021 | 16287 | 347/MIC | BUBTL-200316287 | 09/11/2023 | C-11 | 03/22/2021 | Books | |||||||||
| Non-fiction | Bangladesh University of Business and Technology Library | Bangladesh University of Business and Technology Library | Law Stacks | 07/30/2006 | 3164 | 347/ M5803c/ 2001 | BUBTL-20033164 | 07/14/2023 | C-12 | 07/14/2023 | Books | Purchase | ||||||||
| Non-fiction | Bangladesh University of Business and Technology Library | Bangladesh University of Business and Technology Library | Law Stacks | 07/20/2013 | 16282 | 347/ M5803c/ 2001 | BUBTL-200316282 | 07/14/2023 | C-13 | 07/14/2023 | Books | Purchase | ||||||||
| Non-fiction | Bangladesh University of Business and Technology Library | Bangladesh University of Business and Technology Library | Law Stacks | 07/20/2013 | 16283 | 347/ M5803c/ 2001 | BUBTL-200316283 | 07/14/2023 | C-14 | 07/14/2023 | Books | Purchase | ||||||||
| Non-fiction | Bangladesh University of Business and Technology Library | Bangladesh University of Business and Technology Library | Law Stacks | 07/20/2013 | 16290 | 347/ M5803c/ 2001 | BUBTL-200316290 | 07/14/2023 | C-15 | 07/14/2023 | Books | Purchase | ||||||||
| Non-fiction | Bangladesh University of Business and Technology Library | Bangladesh University of Business and Technology Library | Law Stacks | 07/20/2013 | 16284 | 347/ M5803c/ 2001 | BUBTL-200316284 | 03/31/2024 | C-16 | 03/31/2024 | Books | Purchase |
